00668nam a2200217 a 450000500170000000800410001702000180005805000230007610000190009924500720011825000130019026000420020330000410024550000200028652100090030665000300031565000390034565000270038470000220041170000170043320140310183613.0120829s19uu xx 00 eng d a9780071220972 aHF 5721b.L37 2011 aRentz, Kathryn aLesikar's business communication :bconnecting in a digital world / a12th ed. aNew York :bMcGraw Hill Irwin,c2011. axxvii, 657 p. :bcol. ill. ;c28 cm. aIncludes index. aBSBA aCommercial correspondence aEnglish languagexBusiness english aBusiness communication aFlatley, Marie E. aLentz, Paula